| 000 | 00809nam a2200253Ia 4500 | ||
|---|---|---|---|
| 003 | OSt | ||
| 005 | 20220918170242.0 | ||
| 006 | a|||||r|||| 00| 0 | ||
| 007 | ta | ||
| 008 | 220917b |||||||| |||| 00| 0 eng d | ||
| 020 |
_a978 93 86392 96 1 (hbk) _cINR 1285.00 |
||
| 024 | _a326,561 | ||
| 037 |
_b367, 09/03/2018, Classic Book Service _cTextual |
||
| 040 |
_aARTS _cARTS _beng |
||
| 041 |
_2eng _aeng |
||
| 082 | _aNA445213, Q7 | ||
| 100 |
_aDesai Madhuri Au. _927898 |
||
| 245 | 0 |
_aBanaras recconstructed _b architecture and sacred space in a holy city |
|
| 260 |
_aHyderabad _bOrient Blackswan India _c2017 |
||
| 300 |
_ax,292p. _ccm. |
||
| 650 | _aARTS | ||
| 942 |
_hNA445213, Q7 _cTEXL _2CC |
||
| 999 |
_c133256 _d133256 |
||